[Event "1.GRS Open"]
[Site "Ober-Ramstadt, Modauhalle"]
[Date "2024.07.28"]
[Round "5.7"]
[White "Sydykov, Bayastan"]
[Black "Wenzel, Calvin"]
[Result "1-0"]
[WhiteElo "2268"]
[BlackElo "2022"]
[PlyCount "84"]
[EventDate "2024.07.26"]
[WhiteTeam "SK 1858 Gießen"]
[BlackTeam "SK 1980 Gernsheim"]

1. d4 Nf6 2. Nf3 e6 3. Bf4 c5 4. e3 d5 5. c3 Nc6 6. Nbd2 Bd6 7. Bg3 O-O 8. Bd3 b6 9. e4 dxe4 10. Nxe4 Nxe4 11. Bxe4 Bb7 12. Qa4 Qc7 13. dxc5 bxc5 14. Qc4 Rfd8 15. Qxc5 Bxc5 16. Bxc7 Rd7 17. Bg3 Rad8 18. Bxc6 Bxc6 19. Ne5 Rd6 20. Nxc6 Rxc6 21. Rd1 Rxd1+ 22. Kxd1 Kf8 23. Kc2 Ke7 24. Re1 h5 25. Re4 Bb6 26. f3 g5 27. Rb4 h4 28. Be5 f6 29. Bd4 Bxd4 30. Rxd4 e5 31. Rd3 h3 32. g4 Rc4 33. Kd2 f5 34. gxf5 Kf6 35. Ke3 Kxf5 36. b3 Rc7 37. c4 Rg7 38. Rd1 Re7 39. Rd8 Re6 40. Rf8+ Kg6 41. Rg8+ Kf6 42. Rh8 Ra6 1-0

[Event "1.GRS Open"]
[Site "Ober-Ramstadt, Modauhalle"]
[Date "2024.07.28"]
[Round "5.8"]
[White "Klundt, Klaus"]
[Black "Nies, Peter"]
[Result "1-0"]
[WhiteElo "2262"]
[BlackElo "2079"]
[PlyCount "59"]
[EventDate "2024.07.26"]
[WhiteTeam "SC Heusenstamm"]
[BlackTeam "SK 1980 Gernsheim"]

1. e4 e6 2. d4 d5 3. Nd2 Nf6 4. e5 Nfd7 5. f4 c5 6. c3 cxd4 7. cxd4 Nc6 8. Ndf3 Qb6 9. g3 Bb4+ 10. Kf2 f6 11. Kg2 O-O 12. Bd3 Be7 13. Ne2 fxe5 14. fxe5 g6 15. Bc2 Qc7 16. h4 Rf7 17. h5 g5 18. Nxg5 Bxg5 19. Bxg5 b6 20. Rc1 Bb7 21. Nf4 Ndxe5 22. dxe5 d4 23. Kh2 Qxe5 24. Qg4 Kh8 25. Rhe1 Qa5 26. Qxe6 Raf8 27. Qxf7 Qd2+ 28. Kg1 Qg2+ 29. Nxg2 Rxf7 30. Nf4 1-0

[Event "1.GRS Open"]
[Site "Ober-Ramstadt, Modauhalle"]
[Date "2024.07.28"]
[Round "5.9"]
[White "Boidman, Yuri"]
[Black "Burkart, Lloyd Shang"]
[Result "1/2-1/2"]
[WhiteElo "2254"]
[BlackElo "2071"]
[PlyCount "56"]
[EventDate "2024.07.26"]
[WhiteTeam "SC Heimbach-Weis/Neuwied"]
[BlackTeam "SV 1920 Hofheim"]

1. e4 c5 2. Nf3 e6 3. Nc3 a6 4. g3 Nc6 5. Bg2 Nf6 6. O-O Qc7 7. d3 d6 8. Ng5 h6 9. Nh3 b5 10. f4 Rb8 11. f5 b4 12. Ne2 exf5 13. exf5 Bb7 14. Nhf4 Ne5 15. d4 cxd4 16. Nxd4 Bxg2 17. Kxg2 Be7 18. h3 O-O 19. Kh2 Rfe8 20. g4 Qb7 21. b3 Ne4 22. Bb2 Bh4 23. Nde2 Nf2 24. Rxf2 Bxf2 25. Nd5 Bh4 26. c4 bxc3 27. Nexc3 Qa7 28. Ne4 Nc4 1/2-1/2

[Event "1.GRS Open"]
[Site "Ober-Ramstadt, Modauhalle"]
[Date "2024.07.28"]
[Round "5.10"]
[White "Papadopoulos, Ioannis"]
[Black "Rosenberger, Frank"]
[Result "1-0"]
[WhiteElo "2196"]
[BlackElo "2062"]
[PlyCount "47"]
[EventDate "2024.07.26"]
[WhiteTeam "SV Oberursel"]
[BlackTeam "SK 1980 Gernsheim"]

1. e4 e6 2. d4 d5 3. Nd2 Nf6 4. e5 Nfd7 5. Bd3 c5 6. c3 Nc6 7. Ne2 cxd4 8. cxd4 f6 9. exf6 Qxf6 10. O-O Bd6 11. Kh1 O-O 12. f4 Rd8 13. Nf3 h6 14. Ne5 Nf8 15. Be3 Bd7 16. a3 Rac8 17. g4 g6 18. g5 Qg7 19. gxh6 Qxh6 20. Nxg6 Nxg6 21. Bxg6 Kh8 22. Rf3 Rg8 23. Qf1 e5 24. f5 1-0

[Event "1.GRS Open"]
[Site "Ober-Ramstadt, Modauhalle"]
[Date "2024.07.28"]
[Round "5.11"]
[White "Minor, Samuel"]
[Black "Windmüller, Simon"]
[Result "1-0"]
[WhiteElo "2202"]
[BlackElo "1976"]
[PlyCount "97"]
[EventDate "2024.07.26"]
[WhiteTeam "Wiesbadener SV 1885"]
[BlackTeam "SC Turm Illingen"]

1. e4 c5 2. Nf3 d6 3. Bb5+ Nd7 4. O-O Ngf6 5. Re1 a6 6. Bf1 b5 7. a4 Bb7 8. d3 g6 9. Nbd2 Bg7 10. c3 O-O 11. d4 cxd4 12. cxd4 bxa4 13. Qxa4 Qc7 14. b3 Rfc8 15. Ba3 Bc6 16. Qb4 a5 17. Qc3 Qb7 18. Qd3 Nb6 19. Rac1 d5 20. e5 Ne4 21. Qe3 Nxd2 22. Nxd2 e6 23. Rc3 Bd7 24. Bc5 Rc7 25. Rb1 Rac8 26. Ra1 a4 27. bxa4 Rxc5 28. Rxc5 Rxc5 29. dxc5 Nxa4 30. Qd4 Qc6 31. Nb3 Bf8 32. Na5 Qxc5 33. Rxa4 Bxa4 34. Qxa4 Qc3 35. Nc6 Bc5 36. Qa8+ Kg7 37. Qd8 Bxf2+ 38. Kxf2 Qxc6 39. Qf6+ Kg8 40. h4 Qc5+ 41. Kg3 h5 42. Be2 Qe3+ 43. Bf3 d4 44. Qg5 Qe1+ 45. Kh2 d3 46. Qd8+ Kg7 47. Qf6+ Kg8 48. Bc6 Kf8 49. Qh8+ 1-0

[Event "1.GRS Open"]
[Site "Ober-Ramstadt, Modauhalle"]
[Date "2024.07.28"]
[Round "5.12"]
[White "Agrest, Inna"]
[Black "Vladov, Arsenii"]
[Result "1/2-1/2"]
[WhiteElo "2194"]
[BlackElo "2059"]
[PlyCount "209"]
[EventDate "2024.07.26"]
[WhiteTeam "SC Viernheim 1934 e.V."]
[BlackTeam "Westerburg"]

1. e4 d6 2. d4 Nf6 3. Nc3 c6 4. f4 Qb6 5. h3 e5 6. Nf3 exd4 7. Qxd4 Be7 8. Bd3 O-O 9. O-O Nbd7 10. Qxb6 axb6 11. Re1 Nc5 12. Bf1 b5 13. e5 dxe5 14. fxe5 Ne8 15. Be3 Bf5 16. Nd4 Bg6 17. a3 Nc7 18. g4 N5e6 19. Nf5 Bc5 20. Rad1 Rad8 21. Bxc5 Nxc5 22. Bg2 N5e6 23. Nd6 Bxc2 24. Rc1 Bg6 25. Nxb7 Rd2 26. Re2 Rxe2 27. Nxe2 Bd3 28. Ng3 Nf4 29. Rxc6 Nce6 30. Nc5 Nxc5 31. Rxc5 Rb8 32. b3 h6 33. h4 Nxg2 34. Kxg2 Ra8 35. Rc3 Bb1 36. b4 Re8 37. Rc5 Ra8 38. Rxb5 Rxa3 39. Nf5 Be4+ 40. Kf2 Rf3+ 41. Ke2 Rh3 42. Rb8+ Kh7 43. Nd6 Bf3+ 44. Kd2 Bxg4 45. Nxf7 Rxh4 46. b5 Be6 47. Nd8 Bd5 48. e6 Re4 49. Rb6 Bc4 50. Kc3 h5 51. e7 Bxb5 52. Rxb5 Rxe7 53. Rxh5+ Kg6 54. Rd5 Kf6 55. Nc6 Rc7 56. Rd6+ Kf7 57. Kd3 Ke8 58. Nd4 Ke7 59. Rg6 Kf7 60. Rg4 Kf6 61. Ke4 Re7+ 62. Kf3 Ra7 63. Re4 Ra3+ 64. Kg4 Ra4 65. Rf4+ Kg6 66. Kh4 Kh7 67. Kg5 Ra5+ 68. Nf5 Rb5 69. Rh4+ Kg8 70. Ra4 Rb1 71. Rg4 Rb5 72. Rf4 Re5 73. Rf2 Ra5 74. Rb2 Ra1 75. Rg2 Ra8 76. Kf4 Ra4+ 77. Kf3 Ra3+ 78. Kg4 Ra4+ 79. Kh5 Ra7 80. Rg1 Rb7 81. Ra1 Rb5 82. Kg6 Rb6+ 83. Kg5 Rb2 84. Rg1 Rb5 85. Kf4 Rb4+ 86. Ke5 Rb5+ 87. Ke6 Rb6+ 88. Kd7 Kf8 89. Nd6 Ra6 90. Ke6 Kg8 91. Rg2 Ra1 92. Nf5 Ra8 93. Kd7 Kf8 94. Rf2 Ra7+ 95. Ke6 Ra6+ 96. Nd6+ Kg8 97. Rb2 Ra1 98. Nf5 Re1+ 99. Kd7 Kf8 100. Kc6 Rc1+ 101. Kd5 Rd1+ 102. Ke4 Re1+ 103. Ne3 Kg8 104. Kf4 Ra1 105. Nf5 1/2-1/2

[Event "1.GRS Open"]
[Site "Ober-Ramstadt, Modauhalle"]
[Date "2024.07.28"]
[Round "5.13"]
[White "Petersen, Henrik"]
[Black "Li, Maxim"]
[Result "0-1"]
[WhiteElo "2194"]
[BlackElo "2044"]
[PlyCount "124"]
[EventDate "2024.07.26"]
[WhiteTeam "SV 03/25 Koblenz"]
[BlackTeam "Wiesbadener SV 1885"]

1. e4 e6 2. d4 d5 3. exd5 exd5 4. Bf4 Bd6 5. Qd2 Bf5 6. Nc3 c6 7. Nge2 Ne7 8. f3 h5 9. h4 Qc7 10. O-O-O Nd7 11. Bxd6 Qxd6 12. Qg5 O-O-O 13. Re1 Bg6 14. g3 Bf5 15. Nf4 f6 16. Qxg7 Rh7 17. Rxe7 Rxg7 18. Rxg7 Rh8 19. Bd3 Qf8 20. Bxf5 Qxg7 21. Nce2 Kb8 22. Bg6 Qe7 23. Kd2 Qb4+ 24. Kc1 c5 25. Bf5 Nb6 26. Nd3 Qa5 27. dxc5 Nc4 28. Nc3 d4 29. Nb1 Rc8 30. b3 Ne5 31. g4 Nxf3 32. gxh5 Rh8 33. Bg6 Ne5 34. Rf1 Nxd3+ 35. Bxd3 Rxh5 36. Rxf6 Qxc5 37. Rf4 Qd6 38. Re4 Qf6 39. Be2 Rxh4 40. Rxh4 Qxh4 41. Bd3 Kc7 42. Kb2 Qe1 43. a4 a6 44. Ka2 Kc6 45. Kb2 Kc5 46. Ka2 Qc1 47. Ka1 Kb4 48. Ka2 b5 49. axb5 axb5 50. Ka1 Kc5 51. Ka2 b4 52. Ka1 Kd6 53. Ka2 Ke5 54. Bg6 Kf4 55. Bh7 Kf3 56. Bg6 Ke3 57. Bf5 Qf1 58. Bd3 Qc1 59. Bf5 Ke2 60. Bg4+ Ke1 61. Bf5 Qg5 62. Bd3 Kd1 0-1

[Event "1.GRS Open"]
[Site "Ober-Ramstadt, Modauhalle"]
[Date "2024.07.28"]
[Round "5.14"]
[White "Baranyai-Molnar, Adam-Kristof"]
[Black "Geske, Bruna"]
[Result "1-0"]
[WhiteElo "2102"]
[BlackElo "2024"]
[PlyCount "70"]
[EventDate "2024.07.26"]
[WhiteTeam "SF Neuberg"]
[BlackTeam "Wiesbadener SV 1885"]

1. e4 c5 2. Nf3 Nc6 3. Bb5 g6 4. Bxc6 dxc6 5. d3 Bg7 6. h3 Nf6 7. Nc3 O-O 8. Bf4 Nd7 9. Qd2 e5 10. Bh6 Re8 11. Bxg7 Kxg7 12. O-O Nf8 13. Ne2 Qf6 14. Nh2 Qd6 15. f4 exf4 16. Rxf4 f5 17. Raf1 Ne6 18. Rh4 g5 19. Rh5 Kg6 20. exf5+ Kxh5 21. fxe6 Rf8 22. Ng3+ Kg6 23. Rxf8 Qxf8 24. Qe2 Qf4 25. Qh5+ Kg7 26. Ng4 Bxe6 27. Qh6+ Kf7 28. Qxh7+ Ke8 29. Qh8+ Kd7 30. Qxa8 Qxg3 31. Qxb7+ Kd8 32. Qg7 Qe1+ 33. Kh2 Qd2 34. Qf6+ Kd7 35. Ne5+ Kd6 1-0

[Event "1.GRS Open"]
[Site "Ober-Ramstadt, Modauhalle"]
[Date "2024.07.28"]
[Round "5.15"]
[White "Töpfer, Albrecht"]
[Black "Weber, Nikita"]
[Result "1/2-1/2"]
[WhiteElo "2133"]
[BlackElo "2010"]
[PlyCount "20"]
[EventDate "2024.07.26"]
[WhiteTeam "SC Fulda"]
[BlackTeam "Vorw.Orient Mainz"]

1. d4 Nf6 2. Bf4 c5 3. e3 Qb6 4. Nc3 Qxb2 5. Nb5 Nd5 6. a3 a6 7. Rb1 Qa2 8. Ra1 Qb2 9. Rb1 Qa2 10. Ra1 Qb2 1/2-1/2

[Event "1.GRS Open"]
[Site "Ober-Ramstadt, Modauhalle"]
[Date "2024.07.28"]
[Round "5.16"]
[White "Wolf, Ulrich Martin"]
[Black "Marcziter, Alex"]
[Result "1/2-1/2"]
[WhiteElo "2187"]
[BlackElo "2024"]
[PlyCount "47"]
[EventDate "2024.07.26"]
[WhiteTeam "SK Bad Homburg 1927"]
[BlackTeam "SG Porz"]

1. d4 Nf6 2. Nf3 g6 3. Bg5 Bg7 4. Nbd2 O-O 5. e4 d6 6. c3 c5 7. dxc5 dxc5 8. Qc2 Nc6 9. Be2 Qc7 10. O-O h6 11. Bh4 Nh5 12. Rfe1 Nf4 13. Bf1 g5 14. Bg3 Bg4 15. Kh1 Ne5 16. Nxe5 Bxe5 17. Nc4 Rad8 18. Nxe5 Qxe5 19. Bc4 Be6 20. Bxe6 Qxe6 21. Bxf4 gxf4 22. Rad1 Qe5 23. Qe2 e6 24. Qf3 1/2-1/2

[Event "1.GRS Open"]
[Site "Ober-Ramstadt, Modauhalle"]
[Date "2024.07.28"]
[Round "5.18"]
[White "Martin, Reiner"]
[Black "Staudacher, Magnus Johann"]
[Result "1/2-1/2"]
[WhiteElo "1951"]
[BlackElo "2115"]
[PlyCount "65"]
[EventDate "2024.07.26"]
[WhiteTeam "SC Bad Soden"]
[BlackTeam "SK Bremen-Nord"]

1. d4 Nf6 2. c4 e6 3. Nc3 Bb4 4. f3 c5 5. d5 d6 6. e4 O-O 7. Nge2 b5 8. Ng3 bxc4 9. Bxc4 exd5 10. Bxd5 Nxd5 11. Qxd5 Be6 12. Qh5 Nc6 13. O-O Bxc3 14. bxc3 Qa5 15. Bf4 Rfd8 16. Rad1 Qxc3 17. Bxd6 c4 18. f4 f6 19. e5 Rac8 20. Kh1 Bf7 21. Qf5 Bg6 22. Qe6+ Bf7 23. Qf5 Re8 24. Ne4 Qa5 25. Qg4 f5 26. Nf6+ Kh8 27. Qh4 gxf6 28. Qxf6+ Kg8 29. Rf3 Qd8 30. Rg3+ Bg6 31. Rxg6+ hxg6 32. Qxg6+ Kh8 33. Qh6+ 1/2-1/2

[Event "1.GRS Open"]
[Site "Ober-Ramstadt, Modauhalle"]
[Date "2024.07.28"]
[Round "5.19"]
[White "Eull, Emil"]
[Black "Steigleder, Maximilian"]
[Result "1-0"]
[WhiteElo "2137"]
[BlackElo "1764"]
[PlyCount "69"]
[EventDate "2024.07.26"]
[WhiteTeam "SF Neuberg"]
[BlackTeam "Sfr.1932 Kelkheim"]

1. Nf3 d5 2. d4 Nf6 3. g3 Bf5 4. Bg2 c6 5. O-O e6 6. c4 Bd6 7. Nc3 O-O 8. Nh4 Bg6 9. Nxg6 hxg6 10. e4 dxe4 11. Nxe4 Nxe4 12. Bxe4 Nd7 13. Qb3 Nf6 14. Bg2 Qb6 15. Rd1 Rfd8 16. Be3 Bc7 17. h3 Qxb3 18. axb3 Bb6 19. b4 Rd7 20. b5 cxb5 21. c5 Bd8 22. c6 Re7 23. cxb7 Rb8 24. Bf4 Bc7 25. Bxc7 Rxc7 26. Rdc1 Rbxb7 27. Bxb7 Rxb7 28. Rc8+ Kh7 29. Ra8 Rd7 30. R1xa7 Rxd4 31. Rxf7 Rb4 32. Raa7 Ne4 33. Rxg7+ Kh6 34. Rh7+ Kg5 35. f4+ 1-0

[Event "1.GRS Open"]
[Site "Ober-Ramstadt, Modauhalle"]
[Date "2024.07.28"]
[Round "5.20"]
[White "Ahrends, Norbert"]
[Black "Marcziter, Dmitrii"]
[Result "1/2-1/2"]
[WhiteElo "1967"]
[BlackElo "2204"]
[PlyCount "116"]
[EventDate "2024.07.26"]
[WhiteTeam "SK 1980 Gernsheim"]
[BlackTeam "SG Porz"]

1. d4 c5 2. c3 d5 3. Nf3 Nc6 4. e3 Nf6 5. Bd3 Bg4 6. Nbd2 e6 7. O-O Bd6 8. h3 Bh5 9. dxc5 Bxc5 10. b4 Bd6 11. a3 O-O 12. c4 Qe7 13. Bb2 Rfd8 14. Qb3 Rac8 15. Rfe1 dxc4 16. Bxc4 Bb8 17. Be2 Nd5 18. Nf1 f6 19. Nd4 Nxd4 20. Bxd4 Bf7 21. Qb1 Nc3 22. Bxc3 Rxc3 23. Rc1 Qc7 24. Rxc3 Qxc3 25. Qc1 Rc8 26. Qxc3 Rxc3 27. Rd1 Bc7 28. Rd3 Rc1 29. f4 Kf8 30. Rd1 Rc2 31. Rd2 Rc1 32. Rd1 Rxd1 33. Bxd1 e5 34. g3 h5 35. f5 Ke7 36. Kf2 g6 37. g4 hxg4 38. hxg4 gxf5 39. gxf5 Bd5 40. Nd2 Kd6 41. e4 Bb6+ 42. Ke2 Bf7 43. Kd3 Bd4 44. Bb3 Be8 45. a4 a6 46. a5 Bb5+ 47. Bc4 Kc6 48. Kc2 Bf2 49. Kb3 Bd4 50. Nb1 b6 51. axb6 Kxb6 52. Bd5 Be2 53. Nd2 Bd1+ 54. Kc4 Ba1 55. Ba8 Ka7 56. Bc6 Kb6 57. Ba8 Ka7 58. Bc6 Kb6 1/2-1/2

[Event "1.GRS Open"]
[Site "Ober-Ramstadt, Modauhalle"]
[Date "2024.07.28"]
[Round "5.21"]
[White "Heimrath, Reiner"]
[Black "Markosyan, Aleksandr"]
[Result "0-1"]
[WhiteElo "2140"]
[BlackElo "1953"]
[PlyCount "120"]
[EventDate "2024.07.26"]
[WhiteTeam "SC Noris-Tarrasch Nürnberg 1873"]
[BlackTeam "SG Turm Idstein"]

1. e4 c5 2. Nc3 Nc6 3. g3 g6 4. h4 h5 5. Bg2 Bg7 6. a3 d6 7. Rb1 e5 8. b4 Nge7 9. d3 Nd4 10. Nce2 Qc7 11. c3 Nxe2 12. Nxe2 Bg4 13. f3 Be6 14. Be3 cxb4 15. axb4 d5 16. Qa4+ Bd7 17. Qa5 b6 18. Qa6 O-O 19. O-O Be6 20. Rbd1 Rfd8 21. Qa1 Rd7 22. Nc1 Rc8 23. Bd2 Rcd8 24. Rf2 dxe4 25. fxe4 f5 26. Bg5 Rc8 27. Ne2 fxe4 28. Bxe4 Nf5 29. Kh2 Kh7 30. Qc1 Nh6 31. Kg2 Ng4 32. Rf3 Bd5 33. Bxd5 Rxd5 34. c4 e4 35. dxe4 Rxd1 36. Qxd1 Qxc4 37. Qd3 Qa2 38. Rf2 Nxf2 39. Kxf2 Qc4 40. Qd5 Qxb4 41. Qb7 Qc5+ 42. Be3 Rc7 43. Qa8 Rf7+ 44. Nf4 Bd4 45. Bxd4 Qxd4+ 46. Kg2 a5 47. Qe8 Qd7 48. Qe5 Qe7 49. Qd5 a4 50. Qc6 Qf6 51. Qxa4 Qb2+ 52. Kh3 Qc3 53. Nd5 Qe1 54. Qc2 Qh1+ 55. Qh2 Qxe4 56. Qg2 Qxg2+ 57. Kxg2 b5 58. Kg1 Kg8 59. Kg2 Kf8 60. g4 Ke8 0-1

[Event "1.GRS Open"]
[Site "Ober-Ramstadt, Modauhalle"]
[Date "2024.07.28"]
[Round "5.22"]
[White "Berberich, Christoph"]
[Black "Engel, Bruno"]
[Result "0-1"]
[WhiteElo "1903"]
[BlackElo "2185"]
[PlyCount "84"]
[EventDate "2024.07.26"]
[WhiteTeam "SK Freiburg-Zähringen 1887"]
[BlackTeam "Lübecker SV von 1873"]

1. Nf3 d5 2. e3 Nf6 3. c4 e6 4. a3 c5 5. d4 cxd4 6. exd4 dxc4 7. Bxc4 Be7 8. O-O O-O 9. Nc3 Nc6 10. Bf4 a6 11. Re1 b5 12. Ba2 b4 13. axb4 Nxb4 14. Bc4 Bb7 15. Ne5 Nfd5 16. Bg3 Rc8 17. Qe2 Nxc3 18. bxc3 Nd5 19. Bxa6 Nxc3 20. Qd3 Bxa6 21. Rxa6 Nd5 22. Qf3 Bf6 23. h3 Ra8 24. Rxa8 Qxa8 25. Nd7 Rd8 26. Nxf6+ Nxf6 27. Qxa8 Rxa8 28. Bd6 Nd5 29. Rc1 h6 30. g3 Kh7 31. Kg2 Kg6 32. Kf3 Ra4 33. Bc5 Ra2 34. Rc4 Rb2 35. Rc1 h5 36. h4 Nf6 37. Rd1 Rc2 38. Ba7 Kf5 39. Rd3 Ng4 40. d5 Ne5+ 41. Ke3 Nxd3 42. Kxd3 Ra2 0-1

[Event "1.GRS Open"]
[Site "Ober-Ramstadt, Modauhalle"]
[Date "2024.07.28"]
[Round "5.23"]
[White "Kirchner, Markus"]
[Black "von Wahden, Jens"]
[Result "1-0"]
[WhiteElo "2159"]
[BlackElo "1951"]
[PlyCount "97"]
[EventDate "2024.07.26"]
[WhiteTeam "SC Heusenstamm"]
[BlackTeam "SV Oberursel"]

1. e4 e6 2. d4 d5 3. Nd2 Nf6 4. e5 Nfd7 5. Bd3 c5 6. c3 Nc6 7. Ne2 cxd4 8. cxd4 f6 9. Nf4 Nxd4 10. Qh5+ Ke7 11. Ng6+ hxg6 12. exf6+ gxf6 13. Qxh8 Ne5 14. Bxg6 Nxg6 15. Qh7+ Kd6 16. Qxg6 e5 17. O-O Bf5 18. Qf7 Be7 19. b3 Qa5 20. Bb2 Rf8 21. Qh5 Bd3 22. Rfd1 Ne2+ 23. Kh1 Nf4 24. Qf3 Ke6 25. Qg4+ Bf5 26. Qg7 Bc2 27. Nf3 Bxd1 28. Rxd1 Qd8 29. Nd4+ Kd7 30. Qg4+ Ke8 31. g3 exd4 32. Qxf4 Bd6 33. Qxd4 Be5 34. Qa4+ Kf7 35. Bxe5 fxe5 36. Qb5 Ke6 37. Kg1 Rf7 38. h4 d4 39. Re1 Qd5 40. Qd3 Rf3 41. Qg6+ Rf6 42. Qe8+ Kd6 43. f4 Re6 44. Qd8+ Kc6 45. Qxd5+ Kxd5 46. Rxe5+ Rxe5 47. fxe5 Ke4 48. e6 d3 49. e7 1-0

[Event "1.GRS Open"]
[Site "Ober-Ramstadt, Modauhalle"]
[Date "2024.07.28"]
[Round "5.26"]
[White "Lukas, Anne"]
[Black "Kovalskyy, Alicia"]
[Result "0-1"]
[WhiteElo "2024"]
[BlackElo "1762"]
[PlyCount "78"]
[EventDate "2024.07.26"]
[WhiteTeam "SK 1980 Gernsheim"]
[BlackTeam "Düsseldorfer SV 1854"]

1. c4 e5 2. Nc3 Nc6 3. g3 g6 4. Bg2 Bg7 5. Nf3 d6 6. d3 h6 7. Rb1 Be6 8. b4 Qd7 9. b5 Nd8 10. Nd5 Ne7 11. e4 c6 12. bxc6 bxc6 13. Nxe7 Qxe7 14. Ba3 Qd7 15. O-O c5 16. Qb3 O-O 17. Qb5 Qc8 18. Nd2 Bh3 19. Bxh3 Qxh3 20. Qa6 Ne6 21. Bb2 h5 22. Nf3 h4 23. Bc1 Bf6 24. Qa4 g5 25. Be3 g4 26. Ne1 Bg5 27. Bxg5 Nxg5 28. Qd1 f5 29. f3 hxg3 30. Rb2 fxe4 31. dxe4 gxf3 32. Qd5+ Kg7 33. Rb7+ Kh8 34. hxg3 Qxg3+ 35. Kh1 Qh4+ 36. Kg1 Nh3+ 37. Kh2 Nf2+ 38. Kg1 Qg3+ 39. Ng2 Qxg2# 0-1

[Event "1.GRS Open"]
[Site "Ober-Ramstadt, Modauhalle"]
[Date "2024.07.28"]
[Round "5.27"]
[White "Wuerl, Roland"]
[Black "Nagel, Matthias"]
[Result "1-0"]
[WhiteElo "2003"]
[BlackElo "1890"]
[PlyCount "47"]
[EventDate "2024.07.26"]
[WhiteTeam "SC FK Babenhausen 1994"]
[BlackTeam "SV 1920 Kelsterbach"]

1. d4 d5 2. Nf3 Nf6 3. c4 e6 4. g3 dxc4 5. Bg2 c5 6. O-O Nbd7 7. Qc2 a6 8. a4 cxd4 9. Nxd4 Qc7 10. Nd2 Rb8 11. Qxc4 Qc5 12. b3 b5 13. axb5 axb5 14. Qxc5 Bxc5 15. Nc6 Rb6 16. b4 Bd6 17. Bb2 Bb7 18. Rfc1 Nd5 19. e4 Nxb4 20. Nxb4 Bxb4 21. Nb3 e5 22. Na5 Bd6 23. Nxb7 Rxb7 24. Rc8+ 1-0

[Event "1.GRS Open"]
[Site "Ober-Ramstadt, Modauhalle"]
[Date "2024.07.28"]
[Round "5.28"]
[White "Pioch, Thomas"]
[Black "Meyer-Jany, Marcel"]
[Result "1-0"]
[WhiteElo "1996"]
[BlackElo "1816"]
[PlyCount "51"]
[EventDate "2024.07.26"]
[WhiteTeam "SC Flörsheim 1921"]
[BlackTeam "SK Herborn 1946"]

1. Nf3 Nf6 2. g3 d5 3. Bg2 Bf5 4. d3 h6 5. Nbd2 e6 6. O-O Bd6 7. Re1 Bh7 8. e4 dxe4 9. Nxe4 Nxe4 10. dxe4 O-O 11. Qe2 c6 12. Rd1 Qe7 13. a3 Nd7 14. Qd3 Qf6 15. Qxd6 Bxe4 16. Qf4 Qxf4 17. Bxf4 Nc5 18. Bd6 Bxc2 19. Bxf8 Kxf8 20. Re1 Nb3 21. Ra2 Rd8 22. Bf1 b5 23. Kg2 a5 24. a4 b4 25. Bc4 Nc5 26. b3 1-0

[Event "1.GRS Open"]
[Site "Ober-Ramstadt, Modauhalle"]
[Date "2024.07.28"]
[Round "5.30"]
[White "Özdemir, Ali Özden"]
[Black "Lerch, Cornelia"]
[Result "1-0"]
[WhiteElo "2064"]
[BlackElo "1806"]
[PlyCount "87"]
[EventDate "2024.07.26"]
[WhiteTeam "SK Langen"]
[BlackTeam "SK 1980 Gernsheim"]

1. e4 c5 2. Nf3 d6 3. d4 cxd4 4. Nxd4 Nf6 5. f3 g6 6. c4 Bg7 7. Be3 O-O 8. Nc3 Nc6 9. Qd2 Bd7 10. Be2 Rc8 11. O-O Ne5 12. b3 a6 13. Rac1 Ne8 14. Rc2 Nc7 15. a4 Ne6 16. Nd5 Nc6 17. Nxe6 Bxe6 18. Nb6 Rb8 19. a5 f5 20. exf5 Bxf5 21. Rcc1 Ne5 22. b4 Nd7 23. Nd5 Rc8 24. Bg5 Nf6 25. Nb6 Rc7 26. Rfd1 Be6 27. Qe3 Bf5 28. c5 Re8 29. b5 axb5 30. Bxb5 Rf8 31. g4 Bc8 32. h3 h5 33. cxd6 Rxc1 34. Qxc1 exd6 35. Qc2 hxg4 36. hxg4 Kh7 37. Bd3 Qe8 38. Nxc8 Qxc8 39. Bxg6+ Kg8 40. Rxd6 Qb8 41. Qa2+ Kh8 42. Qh2+ Kg8 43. Bxf6 Qa7+ 44. Kh1 1-0

[Event "1.GRS Open"]
[Site "Ober-Ramstadt, Modauhalle"]
[Date "2024.07.28"]
[Round "5.31"]
[White "Gnad, Gunnar"]
[Black "Waffenschmidt, Joachim"]
[Result "0-1"]
[WhiteElo "1807"]
[BlackElo "2000"]
[PlyCount "88"]
[EventDate "2024.07.26"]
[WhiteTeam "Gambit Bonneweg"]
[BlackTeam "SV 1920 Hofheim"]

1. c4 c6 2. Nc3 d5 3. e3 Nf6 4. d4 e6 5. a3 Nbd7 6. Nf3 dxc4 7. Bxc4 Bd6 8. O-O b5 9. Be2 Bb7 10. Bd2 O-O 11. b4 a5 12. Qb3 axb4 13. axb4 Qe7 14. Rxa8 Rxa8 15. Rb1 Nd5 16. Ne4 Bc7 17. Nc5 Nxc5 18. dxc5 e5 19. e4 Nf4 20. Bf1 Bc8 21. Rd1 Be6 22. Qc3 Bg4 23. h3 Bh5 24. Bxf4 exf4 25. Re1 Bxf3 26. Qxf3 Be5 27. Rd1 Rd8 28. Rd3 Kf8 29. g3 fxg3 30. fxg3 Rxd3 31. Qxd3 Qg5 32. Kg2 Ke7 33. Be2 Qc1 34. Bg4 Qb2+ 35. Kf3 Qc3 36. Ke2 Bd4 37. Qd2 h6 38. h4 Qc4+ 39. Kd1 Qf1+ 40. Kc2 Qa1 41. Bf3 Be5 42. Bg4 Qa2+ 43. Kd1 Qb1+ 44. Ke2 Qxe4+ 0-1

[Event "1.GRS Open"]
[Site "Ober-Ramstadt, Modauhalle"]
[Date "2024.07.28"]
[Round "5.32"]
[White "Drill, Frank"]
[Black "Haas, Vanessa"]
[Result "1/2-1/2"]
[WhiteElo "1994"]
[BlackElo "1775"]
[PlyCount "93"]
[EventDate "2024.07.26"]
[WhiteTeam "SF Neuberg"]
[BlackTeam "SC FK Babenhausen 1994"]

1. e4 c5 2. Nf3 Nc6 3. Nc3 d6 4. d4 cxd4 5. Nxd4 a6 6. g3 e5 7. Nde2 Bg4 8. Bg2 Nd4 9. Qd3 Nxe2 10. Nxe2 Be7 11. Be3 Rc8 12. O-O Qd7 13. Nc3 Nf6 14. f4 Bh3 15. f5 Bxg2 16. Kxg2 h6 17. h3 Qc6 18. Kh2 b5 19. Rf2 b4 20. Nd5 Nxd5 21. exd5 Qc4 22. Qxc4 Rxc4 23. a3 Re4 24. Bd2 b3 25. cxb3 Rd4 26. Rc1 Rxd5 27. Rc8+ Bd8 28. Ra8 a5 29. b4 axb4 30. Bxb4 O-O 31. Rc2 Bb6 32. Rcc8 Rxc8 33. Rxc8+ Kh7 34. Kg2 e4 35. Rc6 Bc5 36. Bxc5 dxc5 37. g4 Rd2+ 38. Kg3 e3 39. Rxc5 Rxb2 40. Rc3 e2 41. Kf2 Ra2 42. Re3 g5 43. Rxe2 Rxa3 44. Re3 Ra7 45. Rb3 Kg7 46. Ke3 Ra6 47. Ke4 1/2-1/2

[Event "1.GRS Open"]
[Site "Ober-Ramstadt, Modauhalle"]
[Date "2024.07.28"]
[Round "5.33"]
[White "Yang, Zhifei"]
[Black "Kostenko, Lev"]
[Result "1-0"]
[WhiteElo "1786"]
[BlackElo "1970"]
[PlyCount "149"]
[EventDate "2024.07.26"]
[WhiteTeam "Sabt Frankfurter TV 1860"]
[BlackTeam "SK 1945 Fürth"]

1. e4 c5 2. Nf3 d6 3. Bb5+ Nd7 4. O-O Ngf6 5. Re1 e6 6. c3 Be7 7. d4 O-O 8. Bf1 b6 9. d5 exd5 10. exd5 Bb7 11. c4 b5 12. Nc3 bxc4 13. Bxc4 a6 14. Bf4 Nb6 15. Qb3 Re8 16. h3 Rb8 17. Ne4 Qc7 18. Rad1 Nbd7 19. Qc2 Nxe4 20. Rxe4 Nf6 21. Ree1 Bf8 22. Qd2 Qd7 23. Qd3 Qa4 24. Bg5 Nd7 25. Bh4 h6 26. Bg3 Nf6 27. Nd2 Ra8 28. Bh4 Nxd5 29. b3 Qc6 30. Nf3 Nb4 31. Qf5 d5 32. Bf1 Qg6 33. Qf4 Qd6 34. Qf5 g6 35. Qb1 Bg7 36. a3 Nc6 37. Bg3 Ne5 38. Nd2 Qc6 39. f4 Nd7 40. Nf3 Qf6 41. Ne5 Nxe5 42. fxe5 Qe6 43. Qc2 Rac8 44. Be2 h5 45. Bf3 Ba8 46. Qd3 Rcd8 47. Rc1 Rc8 48. Rcd1 Red8 49. Be2 Bxe5 50. Bxh5 Bd4+ 51. Kh2 Qc6 52. Bg4 Rb8 53. Bxb8 Rxb8 54. b4 Bf6 55. bxc5 Qxc5 56. Qxa6 Bg5 57. Bf3 Bf4+ 58. Kh1 Qf2 59. Qf1 Qg3 60. Qg1 Rd8 61. Rd3 d4 62. Be4 Qg5 63. Bxa8 Rxa8 64. Qxd4 Bg3 65. Rf1 Bc7 66. Qd7 Qe5 67. Qxf7+ Kh8 68. Qf6+ Qxf6 69. Rxf6 Re8 70. Kg1 Be5 71. Rxg6 Bg7 72. a4 Re1+ 73. Kf2 Ra1 74. Ra6 Ra2+ 75. Kf3 1-0

[Event "1.GRS Open"]
[Site "Ober-Ramstadt, Modauhalle"]
[Date "2024.07.28"]
[Round "5.34"]
[White "Bauch, Martin"]
[Black "Datta, Anupam"]
[Result "0-1"]
[WhiteElo "1976"]
[BlackElo "1770"]
[PlyCount "30"]
[EventDate "2024.07.26"]
[WhiteTeam "SC Ober-Ramstadt"]
[BlackTeam "Brühler Schachklub 1920 e. V."]

1. e4 c6 2. Nf3 d5 3. Nc3 dxe4 4. Nxe4 Nf6 5. Qe2 Nd5 6. c4 Nb4 7. d4 Bg4 8. a3 Qa5 9. Nd6+ Kd7 10. Nxb7 Nd3+ 11. Kd1 Qa4+ 12. Kd2 Kc7 13. Qxd3 Kxb7 14. b3 Qa5+ 15. Kc2 Bf5 0-1